00316nam a2200109Ia 4500008004000000020001800040082001300058100002100071245005400092260005200146300000800198210210b2005 xxu||||| |||| 00| 0 eng d a81 261 2456 3 a659 KUNI aKUNDAR (Shipra). aIntroduction to advertising and public relations. aNew Delhi.bAnmol Publications Pvt. Ltd.c2005 a428